| Tag |
First Indicator |
Second Indicator |
Subfields |
| LEADER |
00000cem a2200000 a 4500 |
| 001 |
in00000831798 |
| 005 |
20151018124151.0 |
| 008 |
820601s1980 dcub a f 0 eng d |
| 010 |
|
|
|a gp 82019656
|
| 034 |
1 |
|
|a a
|b 9000000
|d W0790000
|e W0670000
|f N0130000
|g S0040000
|
| 035 |
|
|
|a (OCoLC)08491451
|
| 035 |
|
|
|9 ADX7384AM
|
| 040 |
|
|
|a GPO
|c GPO
|d MvI-ran
|d UtOrBLW
|
| 052 |
|
|
|a 5290
|
| 074 |
|
|
|a 856-A-1
|
| 086 |
0 |
|
|a PrEx 3.10/4:C 71/2
|
| 110 |
1 |
|
|a United States.
|b Central Intelligence Agency.
|
| 245 |
1 |
0 |
|a Colombia.
|
| 255 |
|
|
|a Scale [ca. 1:9,000,000]
|c (W 79--W 67/N 13--S 4).
|
| 264 |
|
1 |
|a [Washington, D.C.] :
|b [Central Intelligence Agency],
|c [1980]
|
| 300 |
|
|
|a 1 map :
|b color ;
|c 22 x 17 cm.
|
| 336 |
|
|
|a cartographic image
|b cri
|2 rdacontent
|
| 337 |
|
|
|a unmediated
|b n
|2 rdamedia
|
| 338 |
|
|
|a sheet
|b nb
|2 rdacarrier
|
| 500 |
|
|
|a Relief shown by shading.
|
| 500 |
|
|
|a "504373 1-80."
|
| 500 |
|
|
|a Cartographic material.
|
| 651 |
|
0 |
|a Colombia
|v Maps.
|
| 999 |
|
|
|a MARS
|
| 999 |
f |
f |
|s 402d0dd0-7c0a-30a3-a274-46dfcf4e935c
|i 966ef2d8-9602-34df-905d-d6660f6706e0
|t 0
|
| 952 |
f |
f |
|p normal
|a Texas A&M University
|b College Station
|c Sterling C. Evans Library
|d Evans: Maps (2nd floor)
|t 0
|e G5290.1980.U5
|h Library of Congress classification
|i unmediated -- sheet
|m A14821836099
|
| 998 |
f |
f |
|a G5290.1980.U5
|t 0
|l Evans: Maps (2nd floor)
|